Geography Quiz

Random Geography or Flags Quiz

Flag Map Minefield: Africa Quiz Stats

 Plays Quiz Updated Jul 21, 2020

Support Sporcle.
Go Orange.
Score 0/25 Timer 06:00
20 Plays Today
% Correct
???
77.8%
???
72.2%
???
65.6%
???
61.2%
???
55%
???
48.3%
???
47.9%
???
44.5%
???
43.1%
???
42.1%
???
40.4%
???
38.6%
???
37.8%
% Correct
???
37.7%
???
36.3%
???
35.4%
???
34.2%
???
31.6%
???
31.5%
???
30.4%
???
30.2%
???
27.7%
???
25.6%
???
23.6%
???
22.6%

From the Vault

Find the Star: World Capitals VI

by joeydeka

Geography 90s
You can't find the star by just looking up, that's the Sun.
Remove Ads.
Support Sporcle.
Get the best of Sporcle when you Go Orange. This ad-free experience offers more features, more stats, and more fun while also helping to support Sporcle. Thank you for becoming a member.

Show Comments

Extras

Top Quizzes Today


Score Distribution

Your Account Isn't Verified!

In order to create a playlist on Sporcle, you need to verify the email address you used during registration. Go to your Sporcle Settings to finish the process.

Report this User

Report this user for behavior that violates our Community Guidelines.

Details: